Normal view
MARC view
Entry Uniform Title
001 - CONTROL NUMBER
- control field: 33003
003 - CONTROL NUMBER IDENTIFIER
- control field: dpl
005 - DATE AND TIME OF LATEST TRANSACTION
- control field: 20110818112921.0
008 - FIXED-LENGTH DATA ELEMENTS
- fixed length control field: 110818|||a|||||| | ||| d
040 ## - CATALOGING SOURCE
- Original cataloging agency: dpl
- Transcribing agency: dpl
130 ## - HEADING--UNIFORM TITLE
- Uniform title: Nutrition and health series
- Form subdivision: 2
670 ## - SOURCE DATA FOUND
- Source citation: Work cat.: (dpl)55311: Mishra, Ruchi 33002, Health for all :, 2006.
670 ## - SOURCE DATA FOUND
- Source citation: Work cat.: (dpl)55311: Mishra, Ruchi 33002, Health for all :, 2006.
